000 00292nam a22001217a 4500
008 170614b xxu||||| |||| 00| 0 eng d
041 _aeng
080 _a94(4()
100 _a19
101 _aSHP
245 _aRUSSIA AND THE WEST UNDER LENIN AND STALIN
_cKENNan.g.f
942 _2udc
_cBK
999 _c17311
_d17311